Orelsan - Paroles - Gros poisson dans une petite mare - Statistiques

Statistiques générales
  • Ce quiz a été pris 67 fois
  • Le résultat moyen est 703 sur 875
Statistiques - réponses
Réponse % Correct
d'
100%
dans
100%
Dans
100%
de
100%
d'en
100%
l'
100%
le
100%
Le
100%
n'
100%
p'
100%
s'
100%
t'
100%
tu
100%
un
100%
Un
100%
une
100%
a
98%
à
98%
À
98%
en
98%
la
98%
les
98%
ton
98%
C'est
95%
c'est
95%
des
95%
Des
95%
du
95%
Gros
95%
gros
95%
histoire ?
95%
histoire !
95%
mare
95%
On
95%
Orel :
95%
Orel !
95%
petite
95%
poisson
95%
qu'
95%
sa
95%
son
95%
Son
95%
te
95%
Dis,
93%
elle
93%
elle,
93%
Elle
93%
est
93%
et
93%
Et
93%
J'
93%
ou
93%
93%
pas
93%
Plus
93%
plus
93%
Pour
93%
pour
93%
qui
93%
Qui
93%
raconter
93%
Tonton
93%
village
93%
Ça
90%
ça
90%
ça,
90%
fait
90%
nous
90%
que
90%
tout
90%
Tout
90%
donne
88%
lui
88%
Si
88%
si
88%
trop
88%
ans,
86%
coin
86%
êtes
86%
Il
86%
il
86%
maquillage
86%
Ok !
86%
parle
86%
peu
86%
poissons
86%
s'appelle :
86%
s'appelle
86%
Ses
86%
ses
86%
Vous
86%
avec
83%
Avec
83%
boîte,
83%
boîte
83%
gars
83%
gens
83%
qu'à
83%
tous
83%
vingt
83%
vingt-
83%
Vingt-
83%
au
81%
dix-
81%
prêts
81%
Quand
81%
quand
81%
sept
81%
bien
79%
bled
79%
bon
79%
Bon
79%
bonne
79%
derrière
79%
Donc
79%
enfants ?
79%
moche
79%
moins
79%
part
79%
part,
79%
paumé
79%
qu'il
79%
ri
79%
roi
79%
soi :
79%
t'es
79%
dégommer
76%
d'importance !
76%
loi
76%
parce
76%
peut
76%
racontes
76%
rêvent
76%
rien
76%
Rien
76%
rues
76%
sort
76%
ville
76%
boss
74%
comme
74%
faire
74%
genre
74%
Ouais !
74%
pourrais
74%
pouvoir
74%
pouvoir,
74%
prince
74%
six
74%
sous-
74%
sur
74%
trouve
74%
vrai
74%
assez
71%
compte
71%
donnent
71%
frère
71%
grand
71%
juste
71%
Mais
71%
mais
71%
Nico,
71%
tard
71%
t'en
71%
VIP
71%
bombé
69%
Clément
69%
dire
69%
droit
69%
fourmis,
69%
Jessica
69%
marche
69%
partie
69%
première
69%
p'tit
69%
rendras
69%
sera
69%
toujours
69%
videur
69%
vraiment
69%
beau-
67%
bitch
67%
but
67%
d'abus
67%
échelle,
67%
fort
67%
l'histoire
67%
lieu
67%
morale
67%
musique,
67%
musique
67%
nom
67%
nulle
67%
rêves
67%
seule
67%
super
67%
T'iras
67%
trône
67%
y'a
67%
colle
64%
crâne,
64%
dont
64%
fifres
64%
gamines
64%
passe
64%
plein
64%
prouver
64%
recaler
64%
star
64%
strass
64%
air
62%
contrôle
62%
écrit
62%
l'artiste
62%
l'impression
62%
montent
62%
paillettes
62%
rentrer
62%
serrer
62%
starlette
62%
t'as
62%
tête
62%
torse
62%
affiches
60%
capitale
60%
crois
60%
d'avoir
60%
d'événements
60%
fil
60%
grâce
60%
j'ai
60%
J'ai
60%
lacrymo
60%
monter
60%
porte
60%
p'tite
60%
rôle
60%
vie
60%
Business-
57%
Choisir
57%
claque
57%
contacts,
57%
d'enculé
57%
donnes
57%
d'une
57%
gratuit
57%
joue
57%
l'entrée
57%
mal
57%
mal-
57%
mannequinat
57%
mots !
57%
organisateur
57%
physio
57%
supérieur
57%
temps
57%
coups
55%
Fier
55%
gueule
55%
lunettes
55%
même
55%
mes
55%
patron
55%
plans
55%
tite
55%
travail,
55%
vêtements
55%
c'était
52%
charisme
52%
chef
52%
Claude,
52%
compris,
52%
dernier
52%
gardes
52%
jamais
52%
lécher
52%
monde
52%
nazi
52%
passion
52%
pote
52%
projets,
52%
qu'on
52%
sons,
52%
y'avait
52%
actrice
50%
bluff,
50%
boules
50%
chez
50%
collègues,
50%
devenir
50%
d'excès
50%
écoute
50%
mythomane
50%
parfaitement
50%
pèses
50%
Quick
50%
sœur
50%
soleil
50%
train
50%
travailler
50%
autres
48%
biz
48%
d'orgueil,
48%
emmènera
48%
envie
48%
était
48%
jeunes
48%
l'hôtel
48%
mètre
48%
piste
48%
respecte
48%
retires
48%
show-
48%
trois
48%
trucs
48%
vends
48%
Conclusion :
45%
engueule
45%
Fabrice
45%
fois
45%
frustration
45%
groupies
45%
l'assistant
45%
managers
45%
Obligé
45%
ordres
45%
pire
45%
rabaisser
45%
types
45%
abuser
43%
carrosse
43%
cours,
43%
d'aimer
43%
d'espoir,
43%
direction,
43%
essayer
43%
luxe,
43%
mêmes
43%
Merci,
43%
pression,
43%
rencontré
43%
situation
43%
soixante
43%
croisé
40%
d'arrêter
40%
disques
40%
empire
40%
mère
40%
placées
40%
réception,
40%
réflexions
40%
Calvados
38%
Dolce
38%
Insultes,
38%
passes
38%
costard
36%
jusqu'à
36%
leur
36%
plombs
36%
chefs
33%
échelons
33%
Manageur
33%
Opel
33%
pètent
33%
responsables
33%
vendraient
33%
d'équipes,
31%
chaînes,
26%
cains-
24%
Eddy
24%
grimper
24%
Barclay
17%
Gabanos
14%
Aucun quiz correspondant
Distribution des résultats
% des personnes avec chaque résultat
Percentile par nombre de réponses
Votre historique - résultats
Vous n’avez pas pris ce quiz